Model making / (Record no. 8811)

000 -LEADER
fixed length control field 00923cam a2200277 a 4500
003 - CONTROL NUMBER IDENTIFIER
control field OSt
005 - DATE AND TIME OF LATEST TRANSACTION
control field 20210204130955.0
008 - FIXED-LENGTH DATA ELEMENTS--GENERAL INFORMATION
fixed length control field 101209s2011 nyua b 000 0 eng
010 ## - LIBRARY OF CONGRESS CONTROL NUMBER
LC control number 2010052061
016 7# - NATIONAL BIBLIOGRAPHIC AGENCY CONTROL NUMBER
Record control number 015701518
Source Uk
020 ## - INTERNATIONAL STANDARD BOOK NUMBER
International Standard Book Number 9781568988702 (alk. paper)
020 ## - INTERNATIONAL STANDARD BOOK NUMBER
International Standard Book Number 1568988702 (alk. paper)
035 ## - SYSTEM CONTROL NUMBER
System control number (OCoLC)ocn664674798
082 00 - DEWEY DECIMAL CLASSIFICATION NUMBER
Classification number 720.28WER
Edition number 22
100 1# - MAIN ENTRY--PERSONAL NAME
Personal name Werner, Megan.
245 10 - TITLE STATEMENT
Title Model making /
Statement of responsibility, etc Megan Werner.
250 ## - EDITION STATEMENT
Edition statement 1st ed.
260 ## - PUBLICATION, DISTRIBUTION, ETC. (IMPRINT)
Place of publication, distribution, etc New York :
Name of publisher, distributor, etc Princeton Architectural Press,
Date of publication, distribution, etc c2011.
300 ## - PHYSICAL DESCRIPTION
Extent 159 p. :
Other physical details ill. (chiefly col.) ;
Dimensions 22 cm.
490 1# - SERIES STATEMENT
Series statement The architecture brief series
504 ## - BIBLIOGRAPHY, ETC. NOTE
Bibliography, etc Includes bibliographical references (p. 157).
505 0# - FORMATTED CONTENTS NOTE
Formatted contents note Concept blocks -- Materials -- Tools -- Applied technologies -- Tips and techniques -- Architectural concepts -- Models.
650 #0 - SUBJECT ADDED ENTRY--TOPICAL TERM
Topical term or geographic name as entry element Architectural models.
830 #0 - SERIES ADDED ENTRY--UNIFORM TITLE
Uniform title Architecture briefs.
942 ## - ADDED ENTRY ELEMENTS (KOHA)
Source of classification or shelving scheme
Holdings
Withdrawn status Lost status Source of classification or shelving scheme Damaged status Koha normalized classification for sorting Not for loan Permanent location Current location Date acquired Full call number Barcode Date last seen Price effective from Koha item type Total Checkouts Date last borrowed
        720_000000000000000_28WER   BMS College of Architecture, Design and Planning BMS College of Architecture, Design and Planning 2021-02-04 720.28WER AR-UG2114 2021-02-04 2021-02-04 UG Books    
        720_000000000000000_28WER   BMS College of Architecture, Design and Planning BMS College of Architecture, Design and Planning 2021-02-04 720.28WER AR-UG2115 2024-12-26 2021-02-04 UG Books 1 2024-12-12
Copyright © 2025, The Librarian, Library and Information Centre, BMSCA D&P, Bengaluru. All Rights Reserved
web counter

Powered by Koha